00676 a2200181 45000010006000000050017000060080041000230030015000640400040000790800053001192450098001720200018002702640046002883000019003345050108003530410008004611000025004695500820260407155825.0260407a2005 arg spa dAR-UNSa-BCEJYS aAR-UNSa-BCEJYSbspacAR-UNSa-BCEJYS a172.1xRelaciones entre el individuo y el estado10aÉtica pública, participación comunitaria y control estatalpuna experiencia en la AGCBA a950-895-198-2 1aBuenos Aires :bCatálogos Editorac2005 a142 p.c20 cm. aI. Ética pública - II. Participación comunitaria - III.Control estatal - IV. Acción profesional aspa1 aPelizza, Ana María